banner-ar

MEDIA ETHICS / (Record no. 16560)

MARC details
000 -الفاتح
حقل البيانات ثابتة الطول 00467nam a2200181Ia 4500
008 - عناصر البيانات ثابتة الطول - معلومات عامة
حقل البيانات ثابتة الطول 140319s9999 xx 000 0 eng d
040 ## - مصدر الفهرسة
وكالة الفهرسة الأصلية GCL /
وكالة النسخ GCL
082 04 - رقم تصنيف ديوى العشرى
رقم التصنيف 170
رقم المادة P M
100 1# - المدخل الرئيسى - إسم شخصى
الإسم الشخصى PATTERSON, PHILIP
245 10 - بيان العنوان
العنوان MEDIA ETHICS /
بيان المسئوليه,etc PATTERSON, PHILIP
700 1# - المدخل الاضافى - اسم شخصى
الإسم الشخصى WILKINS, LEE
260 ## - PUBLICATION, DISTRIBUTION, ETC. (IMPRINT)
تاريخ النشر أو التوزيع 1991
300 ## - الوصف المادى
التعداد 280 P
650 04 - المدخل الاضافى بالموضوع-مصطلح موضوعى
مصطلح موضوعي DECISION - MAKING
650 04 - المدخل الاضافى بالموضوع-مصطلح موضوعى
مصطلح موضوعي ETHICS
942 ## - عناصر المدخل الإضافي( كوها)
مصدر التصنيف او مخطط الترفيف Dewey Decimal Classification
Koha [default] item type كتاب
260 ## - PUBLICATION, DISTRIBUTION, ETC. (IMPRINT)
-- [S.N] :
-- W C B BROUN AND BENCHMSRK PUBBISHERS ،
Holdings
حالة التراجع حالة الفقد حالة تلف ليس للاعارة المكان المؤقت الموقع الحالى تاريخ الاكتساب اجمالي اﻻعارات رقم الطلب الباركود تاريخ اخر مشاهدة تاريخ تفعيل السعر نوع وعاء كوها
        مكتبة القاهرة الكبرى مكتبة القاهرة الكبرى 03/26/2014   170\P M 30044 03/26/2014 03/26/2014 كتاب

Powered By

EGPV